| 000 | 00355 a2200121 4500 | ||
|---|---|---|---|
| 001 | ART_17445 | ||
| 005 | 20260410161923.0 | ||
| 008 | 260409a | ||
| 245 | 1 | 0 | _aThe economic gradient method |
| 100 | 1 | _aBailey, Elizabeth E. | |
| 700 | 1 | _aWillig, R.D. | |
| 773 | 0 |
_tThe American Economic Review _g- Vol. 69, NÂș 2 (mayo 1979) _wREV16190 |
|
| 999 |
_c27869 _d27869 |
||